| 000 | 00895nam a22002657a 4500 | ||
|---|---|---|---|
| 999 |
_c10486 _d10486 |
||
| 001 | 10486 | ||
| 003 | BD-JhCC | ||
| 005 | 20180520105244.0 | ||
| 008 | 180430s1966 nbu |||| b||| 000 0 eng d | ||
| 020 | _a0822010844 | ||
| 035 | _a(BD-JhCC)10486 | ||
| 040 |
_aBD-JhCC _dBD-JhCC |
||
| 041 | _aeng | ||
| 082 |
_a823 _b1966 FIT |
||
| 100 | _aFitzwater, Eva | ||
| 245 |
_aPride and prejudice : _bNotes / _cFitzwater, Eva |
||
| 260 |
_aLincoln : _bCliff's Notes, _c1966. |
||
| 300 |
_a71 P. : _c21 cm. |
||
| 504 | _aIncludes Bibliographical Reference. | ||
| 505 | _aCONTENTS: * Life of the author * Introduction to the novel * Brief Synopsis * Chapter Summaries and Commentaries * General Critique * Character Analysis * Questions and Discussion Topics * Bibliography... | ||
| 600 | _aPride and prejudice (Austen, Jane) | ||
| 650 | _aEnglish Fiction | ||
| 942 |
_2ddc _cBK |
||